MARC details
| 000 -LEADER |
| campo de control de longitud fija |
01054nam a22002655i 4500 |
| 001 - NÚMERO DE CONTROL |
| campo de control |
163970 |
| 003 - IDENTIFICADOR DE NÚMERO DE CONTROL |
| campo de control |
ES-MaACL |
| 005 - FECHA Y HORA DE LA ÚLTIMA TRANSACCIÓN |
| campo de control |
20250903015942.0 |
| 008 - DATOS DE LONGITUD FIJA--INFORMACIÓN GENERAL |
| campo de control de longitud fija |
951226s1785 sp |||| | spa d |
| 040 ## - FUENTE DE CATALOGACIÓN |
| Centro catalogador/agencia de origen |
EUS |
| Lengua de catalogación |
spa |
| Centro/agencia transcriptor |
EUS |
| 100 1# - ENTRADA PRINCIPAL--NOMBRE DE PERSONA |
| Nombre de persona |
Rosell, Antonio Gregorio. |
| 9 (RLIN) |
132061 |
| 245 10 - MENCIÓN DEL TÍTULO |
| Título |
Instituciones matemáticas / |
| Mención de responsabilidad, etc. |
por Don Antonio Gregorio Rosell ... ; tomo primero, contiene la aritmetica propia y los principios del algebra. |
| 260 ## - PUBLICACIÓN, DISTRIBUCIÓN, ETC. |
| Lugar de publicación, distribución, etc. |
En Madrid : |
| Nombre del editor, distribuidor, etc. |
en la imprenta Real, |
| Fecha de publicación, distribución, etc. |
1785. |
| 300 ## - DESCRIPCIÓN FÍSICA |
| Extensión |
[6], XLII, [16], 2, 392 [i.e. 400], [2] p. ; |
| Dimensiones |
4. |
| 530 ## - NOTA DISPONIBLE DE FORMULARIO FÍSICO ADICIONAL |
| Nota de formato físico adicional disponible |
Disponible en formato digital. |
| 597 ## - NOTA DE DESCRIPCIÓN FÍSICA |
| NOTA DE DESCRIPCIÓN FÍSICA |
Sign.: []3, A-E4, F1, a-d2, []1, A-Z4, 2A-2Z4, 3A-3D4, [p1. |
| 597 ## - NOTA DE DESCRIPCIÓN FÍSICA |
| NOTA DE DESCRIPCIÓN FÍSICA |
Antep. |
| 597 ## - NOTA DE DESCRIPCIÓN FÍSICA |
| NOTA DE DESCRIPCIÓN FÍSICA |
Port. con esc. tip. |
| 597 ## - NOTA DE DESCRIPCIÓN FÍSICA |
| NOTA DE DESCRIPCIÓN FÍSICA |
Errores de pag., p. 345-352 repetidas. |
| 650 #7 - PUNTO DE ACCESO ADICIONAL DE MATERIA--TÉRMINO DE MATERIA |
| Término de materia o nombre geográfico como elemento de entrada |
Matemáticas |
| Fuente del encabezamiento o término |
embne |
| 9 (RLIN) |
14814 |
| 852 ## - LOCALIZACIÓN |
| Ubicación |
ES-MaACL |
| Número de control de estantería |
R-362 |
| Nota libre |
-- Enc. pasta española |
| Encuadernación |
Olim : F-5063 |
| 856 ## - LOCALIZACIÓN Y ACCESO ELECTRÓNICOS |
| Identificador Uniforme de Recursos |
<a href="http://bdh-rd.bne.es/viewer.vm?id=0000119102&page=1 ">http://bdh-rd.bne.es/viewer.vm?id=0000119102&page=1 </a> |
| Nota pública |
Biblioteca Digital Hispánica |
| 942 ## - ELEMENTOS DE ENTRADA SECUNDARIOS (KOHA) |
| Fuente del sistema de clasificación o colocación |
Clasificación decimal universal |